Statistics for Best Daniel Craig James Bond Movies

Click here to take the quiz!

General Stats

  • This quiz has been taken 59 times
  • The average score is 5 of 5

Answer Stats

HintAnswer% Correct
2021No time to Die
96%
2012Skyfall
96%
2015Spectre
96%
2006Casino Royale
95%
2008Quantum of Solace
89%

Score Distribution

Percentile by Number Answered

Percent of People with Each Score

Your Score History

You have not taken this quiz